| 000 | 00758nam a2200241 a 4500 | ||
|---|---|---|---|
| 001 | 13030 | ||
| 003 | BD-JhCC | ||
| 005 | 20230614103318.0 | ||
| 008 | 230614s 2020bg |||| ||a| 000 0 ben d | ||
| 020 | _a9789849431718 | ||
| 035 | _a(BD-JhCC)13030 | ||
| 040 |
_aBD-JhCC _dBD-JhCC |
||
| 041 | _aben | ||
| 082 |
_a510 _bSHA 2020 |
||
| 100 | _aসাহা, সৌমেন | ||
| 245 |
_aনানা ভাবনায় গণিত / _cসৌমেন সাহা । |
||
| 260 |
_aঢাকা: _bঅন্যথারা, _c২০২০. |
||
| 300 |
_a৩২৩ পৃ. : _c২২ সেমি. |
||
| 504 | _aগ্রন্থপঞ্জি সংযোজিত। | ||
| 650 | _aMathematics | ||
| 942 |
_2ddc _cBK _08 |
||
| 999 |
_c13030 _d13030 |
||